000
00306nam a22001217a 4500
008
180512b xxu||||| |||| 00| 0 eng d
041
_a
eng
080
_a
043.3
100
_a
0
101
_a
SHKI-MA
245
_a
Kualiteti i Sherbimeve te Rrugetimit (QOS) ne Rrjetat pa Tela
_c
Dobreva, S
942
_2
udc
_c
BK
999
_c
45710
_d
45710